| 000 | 00959cam a2200325 4500 | ||
|---|---|---|---|
| 008 | 000000n2000 000 0 eng u | ||
| 020 | _a0117025313 | ||
| 035 | _a(Sirsi) u109582 | ||
| 050 | _a336.200212 | ||
| 110 |
_aBoard of Inland Revenue _91066 |
||
| 245 | _aInland revenue statistics 2000. | ||
| 260 |
_aLondon _bStationery Office _c2000 |
||
| 300 | _a195p. ; 30cm. | ||
| 350 | _a34.00 | ||
| 520 | _aIncludes statistics on the number of property transactions divided by region and by residential property and other property. | ||
| 650 | _aSTATISTICS | ||
| 650 | _aCAPITAL GAINS TAX | ||
| 650 | _aCHARITIES | ||
| 650 | _aCOMPANY CARS | ||
| 650 | _aCORPORATION TAX | ||
| 650 | _aPENSIONS | ||
| 650 | _aSTAMP DUTY | ||
| 650 | _aINHERITANCE TAX | ||
| 650 | _aPROPERTY TRANSACTIONS | ||
| 650 | _aNON-DOMESTIC RATING | ||
| 650 | _aPERSONAL INCOMES | ||
| 650 | _aENTERPRISE INVESTMENT SCHEMES | ||
| 690 | _aTAXATION | ||
| 942 | _n0 | ||
| 999 |
_c100954 _d100954 |
||